000 00390nam a22001337a 4500
040 _cNUST
082 _a200 THE
100 _aZumar Khalid
_984352
110 _aSupervisor Dr. Usman Qamar
_984353
245 _aTH-SOF-1878-Weight and Cluster based Testcase Prioritization Technique
260 _aISLAMABAD:
_bNUST COLLEGE OF EME,
_c2021.
650 _aMS-CSE-17
_984354
942 _2ddc
_cTHE
999 _c586820
_d586820